000
00336nam a2200145Ia 4500
008
100122s9999 xx 000 0 und d
082
_b
62148
_a
823
100
_a
ROBERTS NORA
245
_a
HEAVEN AND EARTH
260
_b
PIATKUS
_c
2001
300
_a
358
630
_a
HEAVEN AND EARTH
730
_a
HEAVEN AND EARTH
942
_c
BOOK
999
_c
378666
_d
378663